| 000 | 00665nam a2200241Ia 4500 | ||
|---|---|---|---|
| 005 | 20260121112210.0 | ||
| 008 | 4074 260114s9999 xx 000 0 eng d | ||
| 020 | _a9789813233430 | ||
| 037 | _aEBOOK | ||
| 040 |
_aCRL _beng _cCRL |
||
| 041 |
_aeng _2eng |
||
| 084 | _qCRL | ||
| 100 |
_aAkutsu Tatsuya _9953771 |
||
| 245 | 0 | _aAlgorithms for Analysis, Inference, and Control of Boolean Networks | |
| 260 | _bWorld Scientific | ||
| 260 | _bWSPC | ||
| 260 | _c2018 | ||
| 650 |
_aComputer Science _9953772 |
||
| 856 | _uhttps://www.worldscientific.com/worldscibooks/10.1142/10801#t=toc | ||
| 942 | _cEBOOK | ||
| 999 |
_c1541374 _d1541374 |
||